00702nam a2200193Ia 4500008004100000020001300041082001200054100002300066245010500089250000700194260003500201300002900236500001900265600002100284650005000305942000700355952013100362999001500493240925s9999 xx 000 0 und d a74634739 a004 TUC aTucker, Allen .B 0aFundamentals of Computing I: Lab Manual: C++ Edition: Logic, Problem-solving, Programs and Computers aNA aNew York:bMcGraw-Hillc,1994. axxii,494p.bNAfOriginal aIncludes Index aComputer Science aComputer science, information & general works cBK 011440708CSaUITUbUITUd1995-02-09eParamount Book Pvt Ltdg379.00l0o004 TUCpQ0107r2024-09-25 07:11:56w2024-09-25yBK c2606d2606